| 000 | 00523nam a2200121Ia 4500 | ||
|---|---|---|---|
| 008 | 220615s9999||||xx |||||||||||||| ||und|| | ||
| 100 | _aRosa Rao (Ed.)||Giandomenico Corrado (Ed.) | ||
| 245 | 0 | _aPlant Genetics and Biotechnology in Biodiversity | |
| 546 | _aEnglish[eng] | ||
| 650 | _abiodiversity in bio-based economy||plant conservation genetics||plant biodiversity||DNA markers||plant genomics||plant biotechnology in conservation and bioprospecting | ||
| 856 | _uhttp://www.mdpi.com/books/pdfview/book/692 | ||
| 942 | _cEB | ||
| 999 |
_c10120 _d10120 |
||